000 00783nam a22002537a 4500
001 7300
003 FISKH
005 20250709082813.0
008 250709b cb ||||| |||| 00| 0 eng d
020 _a9780736891431
040 _aFISKH
_beng
_cFISKH
_dFISKH
050 _aSF197.5 .S38
082 _a636.2
100 _aSchuh, Mari C.
245 _aCows on the farm /
_cby Mari C. Schuh ; Gail Saunders-Smith, Ph.D., Consulting Editor
260 _aMinnesota :
_bPebble Books,
_c2002.
300 _a24 pages :
_bcolor illustrations ;
_c18 cm
490 _aPebble Books:
_vOn the Farm
505 _aNP
520 _aSimple text and photographs present cows and how they are raised.
650 _aAnimals
_vbaggy books
_xScience
942 _2ddc
_cBK
_n0
999 _c7300
_d7300